[Event "Chigorin Memorial 26th"]
[Site "St Petersburg"]
[Date "2018.10.30"]
[Round "4"]
[White "Petrov, Maksim1"]
[Black "Trifonov, Vladislav"]
[Result "0-1"]
[WhiteElo "1589"]
[BlackElo "1749"]
[PlyCount "120"]
[EventDate "2018.10.27"]
[EventType "swiss"]
[EventRounds "9"]
[EventCountry "RUS"]
[SourceTitle "CBM 187 Extra"]
[Source "ChessBase"]
[SourceDate "2018.11.04"]
[SourceVersion "1"]
[SourceVersionDate "2018.11.04"]
[SourceQuality "1"]

1. d4 Nf6 2. c4 g6 3. Nc3 Bg7 4. e4 0-0 5. f3 d6 6. Be3 Nc6 7. Qd2 a6 8. 0-0-0 e5 9. d5 Nd4 10. Bxd4 exd4 11. Nce2 d3 12. Qxd3 b5 13. Nd4 bxc4 14. Qxc4 Nd7 15. Nc6 Qg5+ 16. Kb1 Ne5 17. Qc1 Qf6 18. Qc3 Nxc6 19. Qxf6 Bxf6 20. dxc6 Rb8 21. Rd2 Rb6 22. Rc2 Be6 23. Ne2 Rfb8 24. b3 a5 25. Nc1 a4 26. Bc4 Rxc6 27. Bxe6 Rxc2 28. Bxf7+ Kxf7 29. Kxc2 Ke6 30. Nd3 axb3+ 31. axb3 Ra8 32. Nc1 Ra1 33. Rd1 c6 34. Nd3 Ra2+ 35. Kc1 g5 36. Rd2 Ra1+ 37. Kc2 h5 38. Nb4 Kd7 39. Kd3 Rb1 40. Kc4 Be5 41. h3 Rc1+ 42. Rc2 Rd1 43. Nd3 Bf6 44. e5 Bxe5 45. Nxe5+ dxe5 46. Re2 Kd6 47. Ra2 g4 48. hxg4 hxg4 49. fxg4 Rd4+ 50. Kc3 Rxg4 51. Kd3 Kd5 52. Ra5+ c5 53. Ke3 Rg3+ 54. Kf2 Rxb3 55. g4 Kd4 56. g5 Rb6 57. Kf3 e4+ 58. Kf4 e3 59. Ra8 Re6 60. Rd8+ Kc3 0-1